[Event "POL-chT3 0607"]
[Site "Poland"]
[Date "2007.01.07"]
[Round "4.25"]
[White "Lewandowski, Krzysztof"]
[Black "Jozwicki, Jakub"]
[Result "1-0"]
[WhiteElo "2137"]
[BlackElo "2219"]
[PlyCount "109"]
[EventDate "2006.11.12"]
[EventType "team-tourn"]
[EventRounds "11"]
[EventCountry "POL"]
[SourceTitle "EXT 2009"]
[Source "ChessBase"]
[SourceDate "2008.11.26"]
[SourceVersion "1"]
[SourceVersionDate "2008.11.26"]
[SourceQuality "1"]

1. d4 d5 2. c4 c6 3. Nf3 Nf6 4. Nc3 dxc4 5. a4 Bf5 6. e3 e6 7. Bxc4 Bb4 8. 0-0 Nbd7 9. Qe2 0-0 10. e4 Bg6 11. Bd3 Bh5 12. e5 Nd5 13. Nxd5 cxd5 14. h3 Rc8 15. g4 Bg6 16. Ne1 Bxe1 17. Rxe1 Qb6 18. Be3 Nb8 19. Rad1 Nc6 20. f4 Bxd3 21. Rxd3 Na5 22. f5 Nc4 23. Bc1 Qb4 24. f6 Nb6 25. b3 Rfd8 26. Rf1 Rc7 27. Bd2 Qa3 28. b4 Qxa4 29. Qe3 Qe8 30. Qg5 Qf8 31. b5 g6 32. Rb1 Rc4 33. Rdb3 Rxd4 34. Bb4 Rxb4 35. Rxb4 Rc8 36. Qe3 Rc2 37. g5 h6 38. h4 Nc4 39. Qxa7 Nxe5 40. R4b2 Nf3+ 41. Kf1 Rc4 42. Ra1 Qd6 43. Qxb7 Nh2+ 44. Rxh2 Rc7 45. Qa8+ Kh7 46. Rf2 Qg3 47. Qa2 Qxh4 48. Rh2 Qxg5 49. Qf2 Qg4 50. b6 Rc3 51. b7 Qb4 52. Rxh6+ Kxh6 53. Qh2+ Kg5 54. b8Q Rf3+ 55. Kg2 1-0

[Event "POL-chT 2nd League"]
[Site "Lublin"]
[Date "2006.09.05"]
[Round "4.53"]
[White "Jozwicki, Jakub"]
[Black "Malecki, Rafal"]
[Result "0-1"]
[WhiteElo "2207"]
[BlackElo "2168"]
[PlyCount "36"]
[EventDate "2006.09.02"]
[EventType "team-swiss"]
[EventRounds "9"]
[EventCountry "POL"]
[SourceTitle "EXT 2019"]
[Source "ChessBase"]
[SourceDate "2018.10.10"]
[SourceVersion "1"]
[SourceVersionDate "2018.10.10"]
[SourceQuality "1"]
[WhiteTeam "Wloclawek Leszczynski"]
[BlackTeam "Chroscice Victoria"]
[WhiteTeamCountry "POL"]
[BlackTeamCountry "POL"]

1. e4 d6 2. d4 Nf6 3. Nc3 g6 4. Nf3 Bg7 5. Be3 0-0 6. Qd2 c6 7. h3 Nbd7 8. e5 Ne8 9. Bc4 d5 10. Bb3 f6 11. Bh6 fxe5 12. dxe5 Qc7 13. Bxg7 Nxg7 14. Qg5 Ne6 15. Qe3 Nf4 16. 0-0 Qb6 17. Nd4 e6 18. Na4 Qxd4 0-1

[Event "Rewal op 11th"]
[Site "Rewal"]
[Date "2006.08.25"]
[Round "6"]
[White "Baumann, Dariusz"]
[Black "Jozwicki, Jakub"]
[Result "0-1"]
[WhiteElo "2051"]
[BlackElo "2219"]
[PlyCount "96"]
[EventDate "2006.08.21"]
[EventType "swiss"]
[EventRounds "11"]
[EventCountry "POL"]
[SourceTitle "EXT 2010"]
[Source "ChessBase"]
[SourceDate "2010.11.25"]
[SourceVersion "1"]
[SourceVersionDate "2010.11.25"]
[SourceQuality "1"]

1. d4 f5 2. g3 g6 3. Bg2 Bg7 4. Nf3 Nf6 5. 0-0 0-0 6. c4 d6 7. Nc3 Nc6 8. d5 Na5 9. Qd3 e5 10. dxe6 Bxe6 11. b3 Nc6 12. Bb2 Ne4 13. Rac1 a5 14. Qb1 Nc5 15. Nb5 Rf7 16. Nfd4 Nxd4 17. Nxd4 c6 18. e3 Bc8 19. Rcd1 Qe7 20. Rfe1 Ne4 21. Re2 Bd7 22. a3 Rff8 23. f3 Nf6 24. Nc2 a4 25. b4 Be6 26. e4 Bxc4 27. Ree1 fxe4 28. Bxf6 Qxf6 29. Rxe4 Bb3 30. Rde1 Qc3 31. Ne3 d5 32. Rc1 Qb2 33. Re7 Rae8 34. Rxg7+ Qxg7 35. Ng4 Qd4+ 36. Nf2 Re2 37. Rf1 Rfe8 38. Qc1 Rd2 39. Qc5 Qxc5 40. bxc5 Bc4 41. Rb1 Ree2 42. Rf1 Ra2 43. Bh3 Reb2 44. Ng4 Bxf1 45. Bxf1 Rxa3 46. Bg2 Ra1+ 47. Bf1 Rbb1 48. Ne3 a3 0-1

[Event "Rewal op 11th"]
[Site "Rewal"]
[Date "2006.08.23"]
[Round "4"]
[White "Alexikov, Alexander"]
[Black "Jozwicki, Jakub"]
[Result "1-0"]
[WhiteElo "2428"]
[BlackElo "2219"]
[PlyCount "57"]
[EventDate "2006.08.21"]
[EventType "swiss"]
[EventRounds "11"]
[EventCountry "POL"]
[SourceTitle "EXT 2010"]
[Source "ChessBase"]
[SourceDate "2010.11.25"]
[SourceVersion "1"]
[SourceVersionDate "2010.11.25"]
[SourceQuality "1"]

1. e4 c5 2. Nf3 e6 3. c3 Nf6 4. e5 Nd5 5. d4 cxd4 6. cxd4 d6 7. Bc4 Be7 8. 0-0 0-0 9. Bd2 Bd7 10. Nc3 Nxc3 11. Bxc3 Bc6 12. Re1 Nd7 13. exd6 Bxd6 14. d5 exd5 15. Bxd5 Rc8 16. Qd4 Nf6 17. Bxc6 bxc6 18. Qxa7 Nd5 19. Be5 Bxe5 20. Nxe5 Qd6 21. a3 Rc7 22. Qd4 h6 23. Rad1 Rb8 24. g3 Qf6 25. Re2 Rb5 26. Nc4 Qxd4 27. Rxd4 g6 28. Kf1 Kg7 29. Nd6 1-0

[Event "Rewal op 11th"]
[Site "Rewal"]
[Date "2006.08.21"]
[Round "1"]
[White "Jozwicki, Jakub"]
[Black "Mergeai, Christophe"]
[Result "1-0"]
[WhiteElo "2219"]
[BlackElo "1921"]
[PlyCount "41"]
[EventDate "2006.08.21"]
[EventType "swiss"]
[EventRounds "11"]
[EventCountry "POL"]
[SourceTitle "EXT 2010"]
[Source "ChessBase"]
[SourceDate "2010.11.25"]
[SourceVersion "1"]
[SourceVersionDate "2010.11.25"]
[SourceQuality "1"]

1. e4 e5 2. Nc3 Nf6 3. f4 d5 4. fxe5 Nxe4 5. Nf3 Nc6 6. Bb5 Be7 7. Qe2 Nxc3 8. dxc3 0-0 9. Bf4 f6 10. 0-0-0 fxe5 11. Rxd5 Bd6 12. Bg5 Qe8 13. Re1 Bg4 14. Bd2 Qh5 15. Rd3 Bf5 16. Re3 Bg4 17. Qc4+ Kh8 18. Bxc6 bxc6 19. Nxe5 Bf5 20. g4 Qe8 21. gxf5 1-0

[Event "Kochan Memorial op 17th"]
[Site "Koszalin"]
[Date "2006.08.11"]
[Round "8"]
[White "Jozwicki, Jakub"]
[Black "Palosz, Andrzej"]
[Result "0-1"]
[WhiteElo "2207"]
[BlackElo "2139"]
[PlyCount "106"]
[EventDate "2006.08.04"]
[EventType "swiss"]
[EventRounds "10"]
[EventCountry "POL"]
[SourceTitle "CBM 113 Extra"]
[Source "ChessBase"]
[SourceDate "2006.09.14"]
[SourceVersion "1"]
[SourceVersionDate "2006.09.14"]
[SourceQuality "1"]

1. e4 c5 2. Nf3 e6 3. d4 cxd4 4. Nxd4 a6 5. Bd3 Nf6 6. c4 d6 7. 0-0 b6 8. b3 Bb7 9. Nc3 g6 10. Bb2 Bg7 11. Rc1 0-0 12. Qe2 Re8 13. Bb1 Nbd7 14. Rcd1 Qc7 15. f4 e5 16. fxe5 Nxe5 17. Kh1 Rad8 18. Nc2 Nxe4 19. Nxe4 Bxe4 20. Qxe4 Nc6 21. Qf3 Bxb2 22. Ne3 Bg7 23. Nd5 Qa7 24. Nf6+ Bxf6 25. Qxc6 Be5 26. Be4 f5 27. Bf3 Rc8 28. Qd5+ Kg7 29. a4 Rc5 30. Qd3 Qc7 31. Bd5 Qe7 32. Rf3 Rc7 33. Qe3 Rb8 34. Rdf1 b5 35. cxb5 axb5 36. a5 Rc5 37. Rd1 Rbc8 38. a6 b4 39. Bb7 Re8 40. Qe2 Rb8 41. a7 Qxb7 42. axb8Q Qxb8 43. Qd2 Rc3 44. Qd5 Qc7 45. Rfd3 Qf7 46. Qf3 Qxb3 47. Qb7+ Kh6 48. R3d2 Qc4 49. Rb2 Rc1 50. Rb1 Rxd1+ 51. Rxd1 b3 52. Qf3 b2 53. Qf2 Qf4 0-1

[Event "Kochan Memorial op 17th"]
[Site "Koszalin"]
[Date "2006.08.06"]
[Round "3"]
[White "Zowada, Kazimierz"]
[Black "Jozwicki, Jakub"]
[Result "1-0"]
[WhiteElo "2152"]
[BlackElo "2207"]
[PlyCount "87"]
[EventDate "2006.08.04"]
[EventType "swiss"]
[EventRounds "10"]
[EventCountry "POL"]
[SourceTitle "CBM 113 Extra"]
[Source "ChessBase"]
[SourceDate "2006.09.14"]
[SourceVersion "1"]
[SourceVersionDate "2006.09.14"]
[SourceQuality "1"]

1. d4 f5 2. g3 Nf6 3. Bg2 g6 4. c4 Bg7 5. Nf3 0-0 6. 0-0 d6 7. Nc3 Nc6 8. Bf4 Ne4 9. Be3 Nxc3 10. bxc3 e5 11. d5 Na5 12. Qa4 b6 13. Nd2 g5 14. f3 f4 15. Bf2 Qe8 16. Qb4 c5 17. dxc6 Qxc6 18. Ne4 Nxc4 19. Nxg5 h6 20. Nh3 Kh8 21. Rfd1 Bf5 22. gxf4 Bc2 23. fxe5 Bxe5 24. Rd4 Bxd4 25. cxd4 d5 26. e4 Rg8 27. Qc3 Raf8 28. Bg3 Na5 29. Qxc6 Nxc6 30. Rc1 Ba4 31. exd5 Nb4 32. Rc7 Rxg3 33. hxg3 Nxd5 34. Rxa7 Bb5 35. f4 Bc4 36. Nf2 Nc3 37. Ng4 Bxa2 38. Ne5 Bb1 39. d5 Bf5 40. Rb7 b5 41. Kf2 Be4 42. Bxe4 Nxe4+ 43. Kf3 Nd6 44. Rd7 1-0

[Event "POL-ch U18"]
[Site "Leba"]
[Date "2006.04.02"]
[Round "11"]
[White "Jozwicki, Jakub"]
[Black "Matla, Mateusz"]
[Result "1/2-1/2"]
[WhiteElo "2137"]
[BlackElo "2000"]
[PlyCount "117"]
[EventDate "2006.03.25"]
[EventType "swiss"]
[EventRounds "11"]
[EventCountry "POL"]
[SourceTitle "CBM 111 Extra"]
[Source "ChessBase"]
[SourceDate "2006.05.09"]
[SourceVersion "1"]
[SourceVersionDate "2006.05.09"]
[SourceQuality "1"]

1. e4 c6 2. d4 d5 3. e5 Bf5 4. Nd2 e6 5. Nb3 Nd7 6. Nf3 Bg6 7. Be2 Nh6 8. h4 f6 9. Bxh6 gxh6 10. Qd2 Bg7 11. exf6 Qxf6 12. Qb4 0-0-0 13. Na5 Nb6 14. 0-0-0 Bf8 15. Qd2 Bd6 16. Kb1 c5 17. dxc5 Bxc5 18. Nd4 Kb8 19. Qc3 Bxd4 20. Qxd4 e5 21. Qe3 Rc8 22. Bd3 e4 23. Be2 Rhd8 24. h5 Bf7 25. f3 Re8 26. fxe4 Rxe4 27. Qg3+ Ka8 28. Rhf1 Qe7 29. Bd3 Bxh5 30. Bxe4 Bxd1 31. Bd3 Bh5 32. Qf4 Qg7 33. Rh1 Rf8 34. Qh4 Bg6 35. Qxh6 Qf6 36. Bxg6 hxg6 37. Qd2 Na4 38. c3 Qf5+ 39. Qc2 Qxc2+ 40. Kxc2 b6 41. Nc6 Kb7 42. Nb4 Rf2+ 43. Kb3 b5 44. Rh7+ Kb6 45. Nxd5+ Kc5 46. Nb4 Rxb2+ 47. Ka3 Rxg2 48. Rxa7 Rg3 49. Rc7+ Kd6 50. Rc6+ Kd7 51. Kb3 Rg2 52. Rf6 Nc5+ 53. Ka3 Ne4 54. Rf3 Nd6 55. Nd3 g5 56. Kb3 g4 57. Rf4 g3 58. a4 bxa4+ 59. Rxa4 1/2-1/2